Loading...
Prokaryotic gene expression
| Main Author: | |
|---|---|
| Format: | Printed Book |
| Published: |
Oxford University Press, London
1999
|
| Subjects: |
| LEADER | 00553nam a2200193 4500 | ||
|---|---|---|---|
| 020 | |c 3062.50 | ||
| 082 | |a 579.3135 BAU-P | ||
| 100 | |a Baumberg, Simon, Ed. | ||
| 245 | |a Prokaryotic gene expression | ||
| 250 | |||
| 260 | |a Oxford University Press, London |c 1999 | ||
| 300 | |a 325 | ||
| 490 | |||
| 500 | |||
| 590 | |a PRP |b 2011-04-02 16:04:13 |c 3062.50 | ||
| 650 | |a Bacterial genetics | ||
| 942 | |c BK | ||
| 999 | |c 97492 |d 97492 | ||
| 952 | |0 0 |1 0 |4 0 |6 579_313500000000000_BAUP |7 0 |9 110960 |a AQU |b AQU |g 3062.50 |l 0 |o 579.3135 BAU-P |p AQU03977 |r 2019-09-25 |w 2019-09-25 |y BK | ||